Statistiques concernant Les tennismans en 2024 (image)

Cliquez ici pour prendre le quiz!

Statistiques générales

  • Ce quiz a été pris 106 fois
  • Le résultat moyen est 22 sur 30

Statistiques - réponses

Réponse% Correct
Novak Djokovic
100%
Carlos Alcaraz
99%
Daniil Medvedev
99%
Alexander Zverev
95%
Jannik Sinner
95%
Holger Rune
92%
Stefanos Tsitsipas
91%
Andreï Rublev
86%
Frances Tiafoe
86%
Casper Ruud
84%
Adrian Mannarino
83%
Taylor Fritz
78%
Ugo Humbert
77%
Ben Shelton
75%
Grigor Dimitrov
73%
Felix Auger-Aliassime
71%
Hubert Hurkacz
70%
Alex de Minaur
68%
Karen Khachanov
65%
Alejandro Davidovich-Fokina
64%
Cameron Norrie
62%
Tommy Paul
62%
Borna Coric
57%
Alexander Bublik
55%
Francesco Cerundolo
55%
Sebastian Baez
55%
Jan-Lennard Struff
48%
Jiri Lehecka
44%
Nicolas Jarry
39%
Tallon Griekspoor
36%

Distribution des résultats

Percentile par nombre de réponses

% des personnes avec chaque résultat

Votre développement - résultats

Vous n’avez pas pris ce quiz